Prendre soin des hommes et de la planète : Eau, terre, arbres et nutrition au Sud (notice n° 1566103)

détails MARC
000 -LEADER
fixed length control field 01440cam a2200145 4500500
005 - DATE AND TIME OF LATEST TRANSACTION
control field 20251207004906.0
041 ## - LANGUAGE CODE
Language code of text/sound track or separate title fre
042 ## - AUTHENTICATION CODE
Authentication code dc
100 10 - MAIN ENTRY--PERSONAL NAME
Personal name Clavreul, Jean-Yves
Relator term author
245 00 - TITLE STATEMENT
Title Prendre soin des hommes et de la planète : Eau, terre, arbres et nutrition au Sud
260 ## - PUBLICATION, DISTRIBUTION, ETC.
Name of publisher, distributor, etc. L'Harmattan,<br/>
Date of publication, distribution, etc. 2024.<br/>
520 ## - SUMMARY, ETC.
Summary, etc. Depuis près de soixante ans, l’Afrique a bénéficié d’une multitude de programmes et de projets touchant à tous les domaines liés au développement. Malheureusement, très peu de ces expérimentations prometteuses ne furent capitalisées et mises à profit pour obtenir un effet positif et durable sur l’environnement.Dans cet ouvrage, Jean-Yves Clavreul développe quelques-unes de ces expérimentations mises en œuvre par des hommes ou des femmes de terrain ou par des chercheurs motivés par le développement durable.Acteur et témoin, il propose aussi toute une palette de solutions réalistes, souvent peu onéreuses et parfois utopiques, pour la restauration des écosystèmes.Là où est le problème, se trouve aussi le début d’une solution. Aidons la nature dans sa capacité extraordinaire de résilience afin qu’elle permette aux hommes de vivre encore très longtemps sur cette belle et unique planète.
700 10 - ADDED ENTRY--PERSONAL NAME
Personal name Thiaw, Ibrahim
Relator term author
856 41 - ELECTRONIC LOCATION AND ACCESS
Uniform Resource Identifier <a href="https://stm.cairn.info/Prendre-soin-des-hommes-et-de-la-planete--9782336423562?lang=fr&redirect-ssocas=7080">https://stm.cairn.info/Prendre-soin-des-hommes-et-de-la-planete--9782336423562?lang=fr&redirect-ssocas=7080</a>

Pas d'exemplaire disponible.

PLUDOC

PLUDOC est la plateforme unique et centralisée de gestion des bibliothèques physiques et numériques de Guinée administré par le CEDUST. Elle est la plus grande base de données de ressources documentaires pour les Étudiants, Enseignants chercheurs et Chercheurs de Guinée.

Adresse

627 919 101/664 919 101

25 boulevard du commerce
Kaloum, Conakry, Guinée

Réseaux sociaux

Powered by Netsen Group @ 2025